Оценка целесообразности теплотехнологической переработки местных низкосортных топлив Томской области в топливные брикеты; Теплофизические основы энергетических технологий

מידע ביבליוגרפי
Parent link:Теплофизические основы энергетических технологий.— 2013.— [С. 294-297]
מחבר ראשי: Табакаев Р. Б. Роман Борисович
מחבר תאגידי: Национальный исследовательский Томский политехнический университет (ТПУ) Энергетический институт (ЭНИН) Кафедра парогенераторостроения и парогенераторных установок (ПГС и ПГУ)
מחברים אחרים: Казаков А. В. Александр Владимирович, Васильева А. В.
סיכום:Заглавие с экрана
שפה:רוסית
יצא לאור: 2013
סדרה:Котельные агрегаты. Технология сжигания топлива
נושאים:
גישה מקוונת:http://earchive.tpu.ru/handle/11683/70190
http://www.lib.tpu.ru/fulltext/c/2013/C02/071.pdf
פורמט: MixedMaterials אלקטרוני Book Chapter
KOHA link:https://koha.lib.tpu.ru/cgi-bin/koha/opac-detail.pl?biblionumber=607826

MARC

LEADER 00000naa2a2200000 4500
001 607826
005 20260313141512.0
035 |a (RuTPU)RU\TPU\conf\5232 
035 |a RU\TPU\conf\5230 
090 |a 607826 
100 |a 20140902d2013 k y0rusy50 ca 
101 0 |a rus 
102 |a RU 
135 |a drcn ---uucaa 
181 0 |a i  
182 0 |a b 
200 1 |a Оценка целесообразности теплотехнологической переработки местных низкосортных топлив Томской области в топливные брикеты  |f Р. Б. Табакаев, А. В. Казаков, А. В. Васильева 
203 |a Текст  |c электронный 
215 |a 1 файл (342 Кб) 
225 1 |a Котельные агрегаты. Технология сжигания топлива 
300 |a Заглавие с экрана 
320 |a [Библиогр.: с. 297 (6 назв.)] 
337 |a Adobe Reader 
463 1 |0 (RuTPU)RU\TPU\conf\4555  |t Теплофизические основы энергетических технологий  |o сборник научных трудов IV Всероссийской научно-практической конференции с международным участием, 10-12 октября 2013 г., Томск  |f Национальный исследовательский Томский политехнический университет (ТПУ), Энергетический институт (ЭНИН) ; под ред. Кузнецова [и др.]  |v [С. 294-297]  |d 2013 
610 1 |a электронный ресурс 
610 1 |a труды учёных ТПУ 
610 1 |a целесообразность 
610 1 |a теплотехническая переработка 
610 1 |a низкосортное топливо 
610 1 |a Томская область 
610 1 |a топливные брикеты 
610 1 |a уголь 
610 1 |a переработка 
610 1 |a органическое сырье 
700 1 |a Табакаев  |b Р. Б.  |c специалист в области теплоэнергетики  |c научный сотрудник Томского политехнического университета, кандидат наук  |f 1986-  |g Роман Борисович  |3 (RuTPU)RU\TPU\pers\29598  |9 14133 
701 1 |a Казаков  |b А. В.  |c специалист в области теплоэнергетики  |c доцент Томского политехнического университета, кандидат технических наук  |f 1976-  |g Александр Владимирович  |3 (RuTPU)RU\TPU\pers\25669 
701 1 |a Васильева  |b А. В. 
712 0 2 |a Национальный исследовательский Томский политехнический университет (ТПУ)  |b Энергетический институт (ЭНИН)  |b Кафедра парогенераторостроения и парогенераторных установок (ПГС и ПГУ)  |3 (RuTPU)RU\TPU\col\18681 
801 1 |a RU  |b 63413507  |c 20101016 
801 2 |a RU  |b 63413507  |c 20220321  |g RCR 
856 4 |u http://earchive.tpu.ru/handle/11683/70190 
856 4 |u http://www.lib.tpu.ru/fulltext/c/2013/C02/071.pdf 
942 |c BK